[Event "Verbandsliga Nordbaden 1920"]
[Site "Baden"]
[Date "2020.02.16"]
[Round "6.6"]
[White "Schulze, Eberhard"]
[Black "Zimmermann, Paul"]
[Result "1/2-1/2"]
[WhiteElo "2198"]
[BlackElo "2115"]
[PlyCount "47"]
[EventDate "2019.09.29"]
[EventType "team-tourn"]
[EventRounds "9"]
[EventCountry "GER"]
[SourceTitle "EXT 2021"]
[Source "ChessBase"]
[SourceDate "2020.10.23"]
[SourceVersion "1"]
[SourceVersionDate "2020.10.23"]
[SourceQuality "1"]
[WhiteTeam "Pforzheim"]
[BlackTeam "Karlsruhe II"]
[WhiteTeamCountry "GER"]
[BlackTeamCountry "GER"]

1. Nf3 d5 2. g3 Nf6 3. Bg2 Bf5 4. 0-0 e6 5. d3 Be7 6. c4 c6 7. Be3 Nbd7 8. Qb3 Qc7 9. cxd5 exd5 10. Nc3 0-0 11. Rac1 Rfc8 12. Bd4 h6 13. Rfe1 Be6 14. Qc2 Qa5 15. e4 dxe4 16. dxe4 Re8 17. a3 Rad8 18. h3 Nf8 19. Rcd1 Ng6 20. Be3 Qh5 21. Rxd8 Rxd8 22. g4 Qa5 23. Rd1 Rxd1+ 24. Qxd1 1/2-1/2

[Event "Karlsruhe Grenke op"]
[Site "Karlsruhe"]
[Date "2019.04.18"]
[Round "1"]
[White "Baskin, Robert"]
[Black "Zimmermann, Paul"]
[Result "1/2-1/2"]
[WhiteElo "2394"]
[BlackElo "2092"]
[PlyCount "55"]
[EventDate "2019.04.18"]
[EventType "swiss"]
[EventRounds "9"]
[EventCountry "GER"]
[SourceTitle "CBM 189 Extra"]
[Source "ChessBase"]
[SourceDate "2019.06.03"]
[SourceVersion "1"]
[SourceVersionDate "2019.06.03"]
[SourceQuality "1"]

1. e4 c6 2. d4 d5 3. e5 Bf5 4. h4 h6 5. g4 Be4 6. f3 Bh7 7. e6 Qd6 8. exf7+ Kxf7 9. f4 Nf6 10. Nf3 Nbd7 11. Bh3 Ne4 12. 0-0 g5 13. Nc3 Bg7 14. hxg5 Raf8 15. g6+ Bxg6 16. Ne5+ Ke8 17. Nxg6 Qxg6 18. f5 Nxc3 19. bxc3 Qf7 20. Qe1 Bf6 21. Qg3 Kd8 22. Rb1 Kc8 23. Re1 Rfg8 24. Re6 Bg5 25. Bf1 Bxc1 26. Ba6 Qxf5 27. Rxb7 Bf4 28. Rxe7 1/2-1/2

[Event "Untergrombach op 36th"]
[Site "Untergrombach"]
[Date "2019.01.06"]
[Round "7"]
[White "Zimmermann, Paul"]
[Black "Mueller, Erich2222"]
[Result "0-1"]
[WhiteElo "2114"]
[BlackElo "2056"]
[PlyCount "126"]
[EventDate "2019.01.02"]
[EventType "swiss"]
[EventRounds "7"]
[EventCountry "GER"]
[SourceTitle "CBM 188 Extra"]
[Source "ChessBase"]
[SourceDate "2019.02.26"]
[SourceVersion "1"]
[SourceVersionDate "2019.02.26"]
[SourceQuality "1"]

1. d4 f5 2. Nf3 Nf6 3. g3 g6 4. Bg2 Bg7 5. c4 0-0 6. 0-0 d6 7. Nc3 Nc6 8. Qc2 e5 9. dxe5 dxe5 10. Rd1 Bd7 11. b3 e4 12. Nd4 Nb4 13. Qd2 Qe7 14. Nc2 a5 15. Bb2 Bc6 16. Nd4 Rfd8 17. Nxc6 Nxc6 18. Qc1 Nb4 19. a3 Na6 20. Qc2 c6 21. e3 Ng4 22. Ne2 Bxb2 23. Qxb2 Nc5 24. Rf1 Nd3 25. Qc3 Rd7 26. h3 Nge5 27. Rfd1 b6 28. Nd4 c5 29. Nc2 Rad8 30. Ne1 Qg7 31. Qc2 Nxe1 32. Rxe1 Rd2 33. Qc1 Qd7 34. Qc3 Qd6 35. b4 axb4 36. axb4 cxb4 37. Qb3 Rd3 38. c5+ Rxb3 39. cxd6 Rxd6 40. Reb1 Ra3 41. Bf1 Nd3 42. Rxa3 bxa3 43. Ra1 Kf7 44. Rxa3 Ke6 45. Be2 b5 46. Kf1 b4 47. Rb3 Rb6 48. f3 Ne5 49. f4 Nd3 50. Bxd3 exd3 51. Rxd3 b3 52. Rd1 b2 53. Rb1 Kd5 54. Ke2 Kc4 55. g4 Kb3 56. e4 Kc2 57. Rxb2+ Kxb2 58. exf5 gxf5 59. Ke3 Re6+ 60. Kf3 Kc3 61. gxf5 Re7 62. h4 Kd4 63. h5 h6 0-1

[Event "Verbandsliga Nordbaden 1718"]
[Site "Baden"]
[Date "2018.02.18"]
[Round "6.8"]
[White "Zimmermann, Paul"]
[Black "Basler, Alexander"]
[Result "1-0"]
[WhiteElo "2128"]
[BlackElo "1772"]
[PlyCount "55"]
[EventDate "2017.10.08"]
[EventType "team-tourn"]
[EventRounds "9"]
[EventCountry "GER"]
[SourceTitle "EXT 2019"]
[Source "ChessBase"]
[SourceDate "2018.10.10"]
[SourceVersion "1"]
[SourceVersionDate "2018.10.10"]
[SourceQuality "1"]
[WhiteTeam "Karlsruhe"]
[BlackTeam "Eppingen II"]
[WhiteTeamCountry "GER"]
[BlackTeamCountry "GER"]

1. d4 d5 2. Nf3 Nf6 3. c4 e6 4. Nc3 Be7 5. Bg5 Nbd7 6. e3 h6 7. Bh4 0-0 8. Rc1 b6 9. cxd5 exd5 10. Bd3 Bb7 11. 0-0 c5 12. Bb1 Re8 13. Re1 g6 14. Bg3 Ne4 15. Qb3 Ndf6 16. dxc5 Bxc5 17. Red1 Nxg3 18. hxg3 Kg7 19. Ne2 Rc8 20. a3 Ba6 21. Ned4 Bc4 22. Qc3 Ba6 23. b4 Bd6 24. Qb2 Bc4 25. b5 Qe7 26. Rc3 Ne4 27. Rxc4 Rxc4 28. Nf5+ 1-0

[Event "Verbandsliga Nordbaden 1718"]
[Site "Baden"]
[Date "2017.12.03"]
[Round "3.7"]
[White "Zimmermann, Paul"]
[Black "Winogradov, Alexander"]
[Result "0-1"]
[WhiteElo "2128"]
[BlackElo "1929"]
[PlyCount "118"]
[EventDate "2017.10.08"]
[EventType "team-tourn"]
[EventRounds "9"]
[EventCountry "GER"]
[SourceTitle "EXT 2019"]
[Source "ChessBase"]
[SourceDate "2018.10.10"]
[SourceVersion "1"]
[SourceVersionDate "2018.10.10"]
[SourceQuality "1"]
[WhiteTeam "Karlsruhe"]
[BlackTeam "Bad Mergentheim II"]
[WhiteTeamCountry "GER"]
[BlackTeamCountry "GER"]

1. d4 d5 2. Nf3 Bg4 3. Bf4 Nc6 4. Nbd2 Nf6 5. h3 Bf5 6. e3 Nb4 7. Bb5+ c6 8. Ba4 b5 9. Bb3 a5 10. a3 Na6 11. 0-0 e6 12. Ne5 Nb8 13. Ndf3 Ne4 14. c3 f6 15. Nd3 g5 16. Bh2 h5 17. Nfe1 Bd6 18. f3 Bxh2+ 19. Kxh2 Qc7+ 20. f4 g4 21. Bc2 Qg7 22. Nc5 gxh3 23. Bxe4 dxe4 24. Rg1 Rg8 25. Qxh5+ Ke7 26. g4 Rh8 27. gxf5 Qxg1+ 28. Kxg1 Rxh5 29. fxe6 Na6 30. Nxe4 Kxe6 31. Kh2 Rg8 32. Ng3 Rh7 33. Nf3 Nc7 34. e4 Rg4 35. f5+ Kf7 36. Re1 Rf4 37. Re3 a4 38. Ne2 Rg4 39. Ng3 Rh8 40. Ng1 Rgh4 41. Nf3 R4h6 42. Ne2 Re8 43. Nf4 Nd5 44. Nxd5 cxd5 45. e5 Rh5 46. Rd3 Rxf5 47. Re3 Rg8 48. Rd3 Rg2+ 49. Kxh3 Rxb2 50. Kg4 Ke6 51. Re3 Rg2+ 52. Kh3 Rg8 53. exf6+ Kxf6 54. Nh4 Rh8 55. Rg3 Rf4 56. Rg6+ Kf7 57. Rg4 Rxg4 58. Kxg4 Rc8 59. Nf5 Ke6 0-1

[Event "GER CupT Baden Seniors final"]
[Site "Baden"]
[Date "2017.06.24"]
[Round "3.3"]
[White "Schrems, Hermann"]
[Black "Zimmermann, Paul"]
[Result "1/2-1/2"]
[WhiteElo "2080"]
[BlackElo "2128"]
[PlyCount "101"]
[EventDate "2017.06.24"]
[EventType "team-tourn"]
[EventRounds "2"]
[EventCountry "GER"]
[SourceTitle "EXT 2022"]
[Source "ChessBase"]
[SourceDate "2021.10.06"]
[SourceVersion "1"]
[SourceVersionDate "2021.10.06"]
[SourceQuality "1"]
[WhiteTeam "Emmendingen/Endingen"]
[BlackTeam "KSF/Untergrombach"]
[WhiteTeamCountry "GER"]
[BlackTeamCountry "GER"]

1. d4 d5 2. c4 c6 3. Nf3 Nf6 4. e3 e6 5. Nc3 Nbd7 6. Bd3 dxc4 7. Bxc4 b5 8. Bd3 a6 9. 0-0 c5 10. Re1 Bb7 11. a3 Rc8 12. Bd2 Be7 13. Rc1 0-0 14. Bb1 Nb6 15. Na2 cxd4 16. Rxc8 Qxc8 17. Nxd4 Nc4 18. Bc3 Rd8 19. Qe2 Nd5 20. Rc1 Nxc3 21. Rxc3 Qd7 22. Rc1 Bf6 23. Nc3 g6 24. a4 Bxd4 25. exd4 Qxd4 26. Rd1 Qb6 27. Rxd8+ Qxd8 28. axb5 axb5 29. Bd3 Qg5 30. f3 Qc1+ 31. Nd1 Nxb2 32. Qxb2 Qxd1+ 33. Bf1 Bd5 34. Kf2 Qa4 35. Bxb5 Qa2 36. Qxa2 Bxa2 37. f4 f6 38. Ke3 Kf7 39. g3 h6 40. h4 Bb1 41. Bc4 Ke7 42. Bb3 Kd6 43. Bc4 e5 44. fxe5+ Kxe5 45. Ba6 f5 46. Bb5 g5 47. hxg5 hxg5 48. Ba6 Be4 49. Bc8 f4+ 50. gxf4+ gxf4+ 51. Kf2 1/2-1/2

[Event "Verbandsliga Nordbaden 1617"]
[Site "Baden"]
[Date "2016.11.20"]
[Round "3.5"]
[White "Schulenburg, Bernd"]
[Black "Zimmermann, Paul"]
[Result "0-1"]
[WhiteElo "2148"]
[BlackElo "2174"]
[PlyCount "56"]
[EventDate "2016.10.09"]
[EventType "team-tourn"]
[EventRounds "9"]
[EventCountry "GER"]
[SourceTitle "EXT 2022"]
[Source "ChessBase"]
[SourceDate "2021.10.06"]
[SourceVersion "1"]
[SourceVersionDate "2021.10.06"]
[SourceQuality "1"]
[WhiteTeam "Heidelberg"]
[BlackTeam "Karlsruhe II"]
[WhiteTeamCountry "GER"]
[BlackTeamCountry "GER"]

1. e4 c6 2. d4 d5 3. e5 Bf5 4. h4 h5 5. Bd3 Bxd3 6. Qxd3 e6 7. Nf3 Nd7 8. Bg5 Qb6 9. b3 Ne7 10. Bxe7 Bxe7 11. Ng5 c5 12. c3 g6 13. Nd2 Bxg5 14. hxg5 Rc8 15. g4 cxd4 16. cxd4 h4 17. Ke2 Ke7 18. Rac1 Qb4 19. f4 Rc6 20. f5 Rhc8 21. Rxc6 Rxc6 22. Rh3 Nxe5 23. dxe5 Qxg4+ 24. Kf2 gxf5 25. a3 Rc1 26. Nf1 Qxg5 27. Re3 Qf4+ 28. Kg2 Rxf1 0-1

[Event "Verbandsliga Nordbaden 1617"]
[Site "Baden"]
[Date "2016.10.23"]
[Round "2.7"]
[White "Zimmermann, Paul"]
[Black "Hermann, Tobias"]
[Result "1-0"]
[WhiteElo "2174"]
[BlackElo "1966"]
[PlyCount "127"]
[EventDate "2016.10.09"]
[EventType "team-tourn"]
[EventRounds "9"]
[EventCountry "GER"]
[SourceTitle "EXT 2022"]
[Source "ChessBase"]
[SourceDate "2021.10.06"]
[SourceVersion "1"]
[SourceVersionDate "2021.10.06"]
[SourceQuality "1"]
[WhiteTeam "Karlsruhe II"]
[BlackTeam "Eppingen II"]
[WhiteTeamCountry "GER"]
[BlackTeamCountry "GER"]

1. d4 d5 2. Nf3 Nf6 3. Bf4 e6 4. e3 Be7 5. Bd3 0-0 6. Nbd2 b6 7. Ne5 Bb7 8. 0-0 Nbd7 9. Ndf3 Ne4 10. Rc1 f6 11. Nxd7 Qxd7 12. c4 Bd6 13. cxd5 exd5 14. Bxd6 Qxd6 15. Qc2 Rac8 16. Rfd1 g6 17. a3 a5 18. Nd2 Nxd2 19. Rxd2 Kg7 20. Qd1 Bc6 21. Ba6 Ra8 22. Qf1 Ba4 23. Bb5 Bxb5 24. Qxb5 Rae8 25. Rdc2 Re7 26. Rc6 Qd8 27. a4 Rff7 28. h3 Rd7 29. b4 axb4 30. Qxb4 Qa8 31. Qb5 Qa7 32. Ra1 Qa8 33. a5 bxa5 34. Rxa5 Qe8 35. Qb7 Qe7 36. Rcc5 Qe6 37. Ra6 Qf5 38. Rac6 Qe4 39. Rxc7 Rxc7 40. Rxc7 Rxc7 41. Qxc7+ Kg8 42. Qd6 Kf7 43. Qd7+ Kg8 44. Kh2 Kh8 45. Qf7 h5 46. Qxf6+ Kh7 47. Qe5 Qc2 48. Qe7+ Kg8 49. Kg3 Qf5 50. f3 Qb1 51. Qd8+ Kh7 52. Qxd5 Qe1+ 53. Kf4 Qh4+ 54. g4 hxg4 55. hxg4 Qh2+ 56. Ke4 Qc2+ 57. Ke5 Qc7+ 58. Kf6 Qg7+ 59. Ke6 Qg8+ 60. Kd6 Qb8+ 61. Ke7 Qb4+ 62. Kf6 Kh8 63. Qd8+ Kh7 64. Qe7+ 1-0

[Event "Untergrombach op 32nd"]
[Site "Untergrombach"]
[Date "2015.01.04"]
[Round "3"]
[White "Sieglen, Joachim"]
[Black "Zimmermann, Paul"]
[Result "1-0"]
[WhiteElo "2198"]
[BlackElo "1972"]
[PlyCount "107"]
[EventDate "2015.01.02"]
[EventType "swiss"]
[EventRounds "7"]
[EventCountry "GER"]
[SourceTitle "CBM 164 Extra"]
[Source "ChessBase"]
[SourceDate "2015.03.02"]
[SourceVersion "1"]
[SourceVersionDate "2015.03.02"]
[SourceQuality "1"]

1. d4 d5 2. c4 c6 3. Nf3 Nf6 4. e3 e6 5. b3 Nbd7 6. Bb2 Ne4 7. Bd3 f5 8. 0-0 Bd6 9. Ne5 0-0 10. f3 Ng5 11. Qe2 Nf7 12. f4 Nf6 13. Ba3 Bxa3 14. Nxa3 Nd6 15. Nb1 Nde4 16. Bxe4 Nxe4 17. Nd2 Nxd2 18. Qxd2 Bd7 19. Kh1 Be8 20. Qe2 Kh8 21. b4 a6 22. a4 dxc4 23. Qxc4 Qd5 24. Qc5 Bh5 25. Rac1 Rae8 26. Rfe1 Rg8 27. Qxd5 exd5 28. b5 cxb5 29. axb5 axb5 30. Rc5 Rc8 31. Rxb5 g5 32. fxg5 Rxg5 33. Nd3 Rg7 34. Nf4 Be8 35. Rxd5 Rf7 36. h3 Bc6 37. Rc5 b6 38. Rc2 Bb7 39. Rxc8+ Bxc8 40. Rb1 Rb7 41. Nd3 b5 42. Kg1 Rb8 43. Nc5 Kg7 44. Kf2 Kf6 45. Kg3 Be6 46. Kf4 b4 47. Rb2 Rb5 48. g4 fxg4 49. hxg4 b3 50. Nxe6 Kxe6 51. Ke4 Rg5 52. Rxb3 Rxg4+ 53. Kf3 Rg7 54. e4 1-0

[Event "Verbandsliga Nord Baden 1314"]
[Site "Germany"]
[Date "2014.03.09"]
[Round "7.8"]
[White "Villing, Dieter"]
[Black "Zimmermann, Paul"]
[Result "1/2-1/2"]
[WhiteElo "2117"]
[BlackElo "2186"]
[PlyCount "78"]
[EventDate "2013.10.20"]
[EventType "team-tourn"]
[EventRounds "9"]
[EventCountry "GER"]
[SourceTitle "EXT 2015"]
[Source "ChessBase"]
[SourceDate "2014.11.20"]
[SourceVersion "1"]
[SourceVersionDate "2014.11.20"]
[SourceQuality "1"]
[WhiteTeam "Ladenburg"]
[BlackTeam "Karlsruhe II"]
[WhiteTeamCountry "GER"]
[BlackTeamCountry "GER"]

1. e4 c6 2. d4 d5 3. e5 Bf5 4. Nc3 e6 5. g4 Bg6 6. Nge2 h6 7. Nf4 Bh7 8. Be3 Nd7 9. Bd3 Bxd3 10. Qxd3 Ne7 11. 0-0-0 Qa5 12. Kb1 a6 13. Nce2 0-0-0 14. Nc1 Qb5 15. Qc3 Qc4 16. Qd2 c5 17. Nb3 Nc6 18. c3 cxd4 19. cxd4 Bb4 20. Qc2 Nb6 21. Rc1 Qxc2+ 22. Rxc2 Nc4 23. Bc1 Kb8 24. Nd3 Be7 25. f4 h5 26. f5 Nb4 27. Nxb4 Bxb4 28. fxe6 fxe6 29. gxh5 Rxh5 30. Rg1 Rdh8 31. Rxg7 Rxh2 32. Rxh2 Rxh2 33. Rg6 Bd2 34. Nxd2 Nxd2+ 35. Bxd2 Rxd2 36. Rxe6 Rxd4 37. Rd6 Rd2 38. Kc1 Re2 39. Rxd5 Kc7 1/2-1/2

[Event "Verbandsliga Nord Baden 1213"]
[Site "Baden"]
[Date "2012.11.18"]
[Round "2.6"]
[White "Rechmann, Klaus"]
[Black "Zimmermann, Paul"]
[Result "1-0"]
[WhiteElo "2247"]
[BlackElo "2186"]
[PlyCount "91"]
[EventDate "2012.10.21"]
[EventType "team-tourn"]
[EventRounds "9"]
[EventCountry "GER"]
[SourceTitle "EXT 2014"]
[Source "ChessBase"]
[SourceDate "2013.11.20"]
[SourceVersion "1"]
[SourceVersionDate "2013.11.20"]
[SourceQuality "1"]
[WhiteTeam "Hockenheim II"]
[BlackTeam "Karlsruhe II"]
[WhiteTeamCountry "GER"]
[BlackTeamCountry "GER"]

1. e4 c6 2. d4 d5 3. Nc3 dxe4 4. Nxe4 Nd7 5. Bd3 Ngf6 6. Ng5 e6 7. N1f3 Bd6 8. Qe2 Qe7 9. Ne5 0-0 10. Bd2 c5 11. c3 cxd4 12. cxd4 h6 13. Ngf3 Nd5 14. 0-0 N7f6 15. Rad1 Rd8 16. a3 Bd7 17. Nxd7 Rxd7 18. Ne5 Rc7 19. f4 Nd7 20. Rf3 Rd8 21. Rdf1 Qf6 22. g4 g6 23. g5 Qe7 24. gxh6 Kh7 25. Rg3 Rg8 26. Rf2 Nf8 27. Qg4 f5 28. Qh3 Qf6 29. Rfg2 Re7 30. Rg5 Rc7 31. Qf3 Re7 32. h4 Rc7 33. h5 Bxe5 34. fxe5 Qf7 35. Qg3 Qe7 36. Bb1 Qf7 37. Qf3 Rd7 38. Ba2 Ne7 39. Qf4 Nd5 40. Bxd5 Rxd5 41. Bb4 Qd7 42. Bxf8 Rxd4 43. hxg6+ Kh8 44. Bg7+ Rxg7 45. hxg7+ Kxg7 46. Rh5 1-0

[Event "Verbandsliga Nord Baden 1213"]
[Site "Baden"]
[Date "2012.10.21"]
[Round "1.6"]
[White "Weiler, Wolfgang"]
[Black "Zimmermann, Paul"]
[Result "1-0"]
[WhiteElo "2144"]
[BlackElo "2186"]
[PlyCount "93"]
[EventDate "2012.10.21"]
[EventType "team-tourn"]
[EventRounds "9"]
[EventCountry "GER"]
[SourceTitle "EXT 2014"]
[Source "ChessBase"]
[SourceDate "2013.11.20"]
[SourceVersion "1"]
[SourceVersionDate "2013.11.20"]
[SourceQuality "1"]
[WhiteTeam "Slavija KA"]
[BlackTeam "Karlsruhe II"]
[WhiteTeamCountry "GER"]
[BlackTeamCountry "GER"]

1. e4 c6 2. d4 d5 3. Nd2 dxe4 4. Nxe4 Nd7 5. Ng5 Ngf6 6. Bd3 e6 7. N1f3 c5 8. Ne5 Nxe5 9. dxe5 Nd5 10. Qf3 f5 11. Bb5+ Ke7 12. 0-0 Qb6 13. c4 Nc7 14. a4 Nxb5 15. axb5 Bd7 16. Bd2 Qc7 17. Rfe1 Qc8 18. Ra3 h6 19. Nh3 Kf7 20. Nf4 Kg8 21. Ng6 Rh7 22. h4 Be8 23. h5 Bf7 24. g4 fxg4 25. Qxg4 Qe8 26. Qe4 Be7 27. Rg3 Rd8 28. Bc3 Rd7 29. Kh2 Qd8 30. Reg1 b6 31. Kh3 Qe8 32. f4 Qd8 33. f5 Bg5 34. Qc6 Qe8 35. f6 Qd8 36. Qf3 Qe8 37. Qe4 Rd8 38. Rf1 Rd7 39. Rgf3 Qd8 40. Ne7+ Kh8 41. fxg7+ Rxg7 42. Rxf7 Rd3+ 43. Kh2 Bxe7 44. Rxg7 Kxg7 45. Qg6+ Kh8 46. Qxh6+ Kg8 47. Qxe6+ 1-0

[Event "Verbandsliga Nord Baden 0809"]
[Site "Germany"]
[Date "2009.02.08"]
[Round "6.4"]
[White "Zimmermann, Paul"]
[Black "Bloessl, Walter"]
[Result "1/2-1/2"]
[WhiteElo "2186"]
[BlackElo "2208"]
[PlyCount "89"]
[EventDate "2008.09.28"]
[EventType "team"]
[EventRounds "9"]
[EventCountry "GER"]
[SourceTitle "EXT 2010"]
[Source "ChessBase"]
[SourceDate "2010.11.25"]
[SourceVersion "1"]
[SourceVersionDate "2010.11.25"]
[SourceQuality "1"]
[WhiteTeam "Karlsruhe II"]
[BlackTeam "Ladenburg"]
[WhiteTeamCountry "GER"]
[BlackTeamCountry "GER"]

1. d4 Nf6 2. Nf3 g6 3. c4 Bg7 4. Nc3 0-0 5. e4 d6 6. Be2 e5 7. 0-0 Na6 8. Bg5 h6 9. Be3 Ng4 10. Qd2 Nxe3 11. Qxe3 c6 12. dxe5 dxe5 13. Rfd1 Qe7 14. a3 Nc5 15. b4 Ne6 16. c5 Nd4 17. Rac1 Re8 18. Nd2 Bf6 19. Rb1 Bg5 20. Qd3 b5 21. Nf3 Bf6 22. Rb2 a5 23. Nb1 axb4 24. axb4 Rd8 25. Nbd2 Be6 26. Nxd4 Rxd4 27. Qb1 Rad8 28. Nf3 Rxd1+ 29. Bxd1 Qa7 30. h3 Bc4 31. Be2 Bxe2 32. Rxe2 Qa4 33. Rd2 Rxd2 34. Nxd2 Qa3 35. Nf1 Bg5 36. g3 h5 37. h4 Bc1 38. Qc2 Bb2 39. Qd2 Bd4 40. Ne3 Kg7 41. Kg2 Bxe3 42. fxe3 Kh6 43. Qd6 Qa2+ 44. Kf3 Qc4 45. Kf2 1/2-1/2

[Event "Hamburg Junge op"]
[Site "Hamburg"]
[Date "2005.10.09"]
[Round "9"]
[White "Zimmermann, Paul"]
[Black "Schulz, Hans Juergen"]
[Result "1/2-1/2"]
[WhiteElo "2213"]
[BlackElo "2034"]
[PlyCount "44"]
[EventDate "2005.10.01"]
[EventType "swiss"]
[EventRounds "9"]
[EventCountry "GER"]
[SourceTitle "CBM 108 Extra"]
[Source "ChessBase"]
[SourceDate "2005.11.04"]
[SourceVersion "1"]
[SourceVersionDate "2005.11.04"]
[SourceQuality "1"]

1. d4 d5 2. Nf3 Nf6 3. Bf4 Bf5 4. e3 e6 5. Bd3 Bg4 6. Nbd2 Bd6 7. Bxd6 cxd6 8. 0-0 Nc6 9. c4 0-0 10. cxd5 Nxd5 11. a3 f5 12. Bc4 Nce7 13. Re1 Kh8 14. Rc1 a6 15. Qb3 b5 16. Bd3 Bxf3 17. Nxf3 Ng6 18. g3 Ra7 19. Rc6 Nge7 20. Rc2 h6 21. Rec1 Qe8 22. Ne1 Qh5 1/2-1/2

[Event "Hamburg Junge op"]
[Site "Hamburg"]
[Date "2005.10.07"]
[Round "5"]
[White "Zimmermann, Paul"]
[Black "Baczinski, Wolfgang"]
[Result "1/2-1/2"]
[WhiteElo "2213"]
[BlackElo "2007"]
[PlyCount "109"]
[EventDate "2005.10.01"]
[EventType "swiss"]
[EventRounds "9"]
[EventCountry "GER"]
[SourceTitle "CBM 108 Extra"]
[Source "ChessBase"]
[SourceDate "2005.11.04"]
[SourceVersion "1"]
[SourceVersionDate "2005.11.04"]
[SourceQuality "1"]

1. d4 Nf6 2. c4 e6 3. Nf3 d5 4. Nc3 Bb4 5. e3 0-0 6. a3 Bxc3+ 7. bxc3 c5 8. Qc2 Nc6 9. cxd5 exd5 10. Be2 Ne4 11. 0-0 Bf5 12. Qb2 Na5 13. Nd2 c4 14. Nxe4 Bxe4 15. f3 Bg6 16. Bd1 Rc8 17. Ra2 Rc6 18. Qf2 Nb3 19. Bc2 Nxc1 20. Rxc1 Bxc2 21. Qxc2 f5 22. Rb1 Qe7 23. Qf2 Re6 24. Re2 Re8 25. a4 b6 26. Rb5 Qd7 27. Qe1 a6 28. Rb4 Qe7 29. e4 Qg5 30. e5 f4 31. Reb2 Rb8 32. h3 Qe7 33. Kf1 g5 34. Qb1 Qd8 35. Qf5 Re8 36. Re2 Rf8 37. Qe6+ Kg7 38. Qg4 Kg6 39. h4 h6 40. Qe6+ Kg7 41. hxg5 hxg5 42. Kf2 Re8 43. Qg4 Kg6 44. e6 Qf6 45. Re5 Re7 46. g3 fxg3+ 47. Kxg3 Rh8 48. f4 Qxf4+ 49. Qxf4 gxf4+ 50. Kxf4 Rf8+ 51. Kg4 Rf1 52. Rxb6 Kf6 53. Kg3 Rg7+ 54. Kh2 Rf2+ 55. Kh1 1/2-1/2

[Event "Hamburg Junge op"]
[Site "Hamburg"]
[Date "2005.10.02"]
[Round "2"]
[White "Solodovnichenko, Yuri"]
[Black "Zimmermann, Paul"]
[Result "1-0"]
[WhiteElo "2494"]
[BlackElo "2213"]
[PlyCount "97"]
[EventDate "2005.10.01"]
[EventType "swiss"]
[EventRounds "9"]
[EventCountry "GER"]
[SourceTitle "CBM 108 Extra"]
[Source "ChessBase"]
[SourceDate "2005.11.04"]
[SourceVersion "1"]
[SourceVersionDate "2005.11.04"]
[SourceQuality "1"]

1. e4 c6 2. d4 d5 3. exd5 cxd5 4. c4 e6 5. Nf3 Nf6 6. Nc3 Nc6 7. c5 Ne4 8. Bd3 Nxc3 9. bxc3 e5 10. Nxe5 Nxe5 11. dxe5 Bxc5 12. Qh5 a6 13. 0-0 Be6 14. Kh1 Qd7 15. Rb1 g6 16. Qh4 Be7 17. Qh6 Bf8 18. Qf4 Be7 19. Be3 0-0 20. Rb6 Rfc8 21. Bd4 Rc6 22. Rfb1 Rxb6 23. Rxb6 Rc8 24. h4 Rc6 25. Rb2 Rc8 26. h5 b5 27. f3 Qd8 28. Qe3 Ba3 29. Rb3 Qh4+ 30. Kg1 Be7 31. hxg6 hxg6 32. Qf2 Qh7 33. Rb1 Kg7 34. Kf1 Qh4 35. Qxh4 Bxh4 36. Ra1 Be7 37. a4 Bc5 38. axb5 axb5 39. Bxb5 Rc7 40. Be2 g5 41. Bxc5 Rxc5 42. Ra3 Kg6 43. Bd3+ Kg7 44. Ke2 Rc7 45. Ke3 f6 46. Kd4 Re7 47. exf6+ Kxf6 48. Ra6 Kf7 49. Rb6 1-0

[Event "Oberliga Baden 0405"]
[Site "Germany"]
[Date "2004.10.24"]
[Round "1.8"]
[White "Zimmermann, Paul"]
[Black "Kick, Joachim"]
[Result "1/2-1/2"]
[WhiteElo "2236"]
[BlackElo "2185"]
[PlyCount "56"]
[EventDate "2004.10.24"]
[EventType "team-tourn"]
[EventRounds "9"]
[EventCountry "GER"]
[SourceTitle "EXT 2007"]
[Source "ChessBase"]
[SourceDate "2006.11.23"]
[SourceVersion "1"]
[SourceVersionDate "2006.11.23"]
[SourceQuality "1"]
[WhiteTeam "Karlsruhe II"]
[BlackTeam "Kuppenheim"]
[WhiteTeamCountry "GER"]
[BlackTeamCountry "GER"]

1. d4 d5 2. Nf3 Nf6 3. c4 c6 4. Nc3 e6 5. e3 Nbd7 6. Bd3 dxc4 7. Bxc4 b5 8. Bd3 a6 9. e4 c5 10. e5 cxd4 11. Nxb5 Ng4 12. Qa4 Bb7 13. Nbxd4 Qb6 14. 0-0 Bc5 15. Be3 Nxe3 16. fxe3 h6 17. b4 Qxb4 18. Qxb4 Bxb4 19. Rab1 Bxf3 20. Nxf3 Bc5 21. Kf2 0-0 22. Rb7 Rfd8 23. Rd1 Nb6 24. Nd4 Nd5 25. Bc4 Nb6 26. Bb3 Rac8 27. Ke2 Nd5 28. Rf1 Ne7 1/2-1/2

[Event "Genova Ducale op"]
[Site "Genova"]
[Date "2003.09.28"]
[Round "9"]
[White "Zimmermann, Paul"]
[Black "Gentile, Claudio"]
[Result "1-0"]
[WhiteElo "2229"]
[BlackElo "2158"]
[PlyCount "71"]
[EventDate "2003.09.??"]
[EventType "swiss"]
[EventRounds "9"]
[EventCountry "ITA"]
[SourceTitle "EXT 2005"]
[Source "ChessBase"]
[SourceDate "2004.11.15"]
[SourceVersion "1"]
[SourceVersionDate "2004.11.15"]
[SourceQuality "1"]

1. d4 d5 2. Nf3 Nf6 3. Bf4 c5 4. e3 Nc6 5. c3 Bg4 6. h3 Bxf3 7. Qxf3 Qb6 8. Qe2 cxd4 9. exd4 0-0-0 10. a4 e6 11. Qb5 Ne4 12. Qxb6 axb6 13. f3 Bd6 14. Bxd6 Nxd6 15. Kf2 Rhe8 16. Nd2 Kb8 17. Nb3 Nc4 18. Bxc4 dxc4 19. Nd2 Na5 20. f4 Kc7 21. Rhe1 Kd6 22. Re4 f6 23. Rae1 Kd5 24. Kf3 Rc8 25. Nf1 Kd6 26. Ne3 Nb3 27. Nf1 Na5 28. f5 e5 29. dxe5+ fxe5 30. Rd1+ Kc6 31. Ne3 Rcd8 32. Rxd8 Rxd8 33. Nxc4 Nxc4 34. Rxc4+ Kd6 35. Ke4 Re8 36. Rb4 1-0

[Event "Pyramiden Franken Cup 5th"]
[Site "Fuerth"]
[Date "2002.09.02"]
[Round "3"]
[White "Hector, Jonny"]
[Black "Zimmermann, Paul"]
[Result "1-0"]
[WhiteElo "2562"]
[BlackElo "2241"]
[PlyCount "47"]
[EventDate "2002.08.31"]
[EventType "swiss"]
[EventRounds "9"]
[EventCountry "GER"]
[SourceTitle "CBM 090 Extra"]
[Source "ChessBase"]
[SourceDate "2002.11.07"]
[SourceVersion "1"]
[SourceVersionDate "2002.11.07"]
[SourceQuality "1"]

1. e4 c5 2. Nf3 e6 3. d4 cxd4 4. Nxd4 a6 5. Nc3 d6 6. g4 Be7 7. Be3 Nf6 8. g5 Nfd7 9. Qh5 g6 10. Qg4 Nc6 11. 0-0-0 Nxd4 12. Rxd4 Ne5 13. Qg3 b5 14. h4 Nc6 15. Rd2 b4 16. Na4 Qa5 17. b3 Bd7 18. f4 Rb8 19. Qf2 Qc7 20. Bxa6 Ra8 21. Nb6 Qb8 22. Bb5 Ne5 23. fxe5 Bxb5 24. exd6 1-0